| 000 | 00342 a2200145 4500 | ||
|---|---|---|---|
| 020 | _a978-989-8368-31-7 | ||
| 040 | _aULA-LD-MS | ||
| 082 |
_a72 _b72 |
||
| 100 |
_91194 _aAMARAL,Ilidio do |
||
| 245 | _aLuanda Estudo de Geografia Urbana | ||
| 260 |
_aLuanda , _bcolibri _c2015. |
||
| 300 | _a212p | ||
| 650 | _aArquitecture | ||
| 942 | _cLivros | ||
| 999 |
_c2367 _d2367 |
||